000 00779nam a2200289Ia 4500
001 14787
003 IT-RoPAU
008 130308s9999 xx 000 0 und d
040 _aIT-RoPAU
040 _cIT-RoPAU
041 _aITALIANO
100 _aSegal D.M.
100 _gCodice Aut. SPICS: 1379
245 _aNesso tra la semantica e la struttura formale del testo (Il)
245 _bSistemi di segni e Lo Strutturalismo sovietico (I)
250 _a1a ed.
260 _aMILANO
260 _bBompiani
260 _c1969 [1° Ed.:1969 - Ed.Ling.Originale:]
300 _a"32 p. (prefazione: no ; testo: 32 [pagine: 333-364])"
650 _aSEMIOLOGIA
650 _eCodice materia Spics: 3251
942 _cBK
957 _71
999 _c40936
_d40936
999 _bSI
999 _g1